Iniciación a primero : 3, lectura, escritura, cálculo, cuaderno de actividades complementarias y extraescolares

Gespeichert in:
Bibliographische Detailangaben
1. Verfasser: Sin autor
Format: Buch
Sprache:Spanisch
Erschienen: San Fernando ,Cádiz Grafiescolar 1977
Katalog:MANES:  Suchergebnis im Bibliothekskatalog
Schulbuchspezifische Eigenschaften:
Tags: Tag hinzufügen
Keine Tags, Fügen Sie den ersten Tag hinzu!
Hinzugefügt zu:20.05.2019
Geändert in:07.05.2025

MARC

LEADER 00000nam a2200000Ia 4500
003 aOSt
005 20250507133405.0
008 190521s9999 xx 000 0 spa d
561 |5 es-CICE  |3 FMa/EL288  |a España. Centro Internacional de la Cultura Escolar  |k MANES 
999 |c 104549  |d 104549 
040 |c Centro_internacional de la cultura escolar  |a centro_manes 
080 |a 372.4 
100 |9 11659  |a Sin autor 
245 1 1 |a Iniciación a primero : 3, lectura, escritura, cálculo, cuaderno de actividades complementarias y extraescolares 
260 |a San Fernando ,Cádiz  |b Grafiescolar  |c 1977 
300 |a 20 p.   |c 23 x 16 cm. 
500 |a Datos tomados de la cubierta. Contienen ejercicios para el alumno 
546 |a España 
690 0 |a EyL 
691 0 |a IN 
942 |c BK  |2 ddc 
999 |c manes:104549  |d 104549